| 000 | 00717nam a2200205Ia 4500 | ||
|---|---|---|---|
| 003 | GCL | ||
| 008 | 140319s9999 xx 000 0 ara d | ||
| 040 |
_aGCL / _cGCL |
||
| 082 | 0 | 4 |
_aق _b327.9 _bج ن |
| 100 | 1 | _aعلى الدين هلال | |
| 245 | 1 | 0 |
_aالنظام الاقليمى العربى دراسة فى العلاقات السياسية العربية / _cعلى الدين هلال |
| 700 | 1 | _aجميل مطر | |
| 260 |
_a[S.N] : _bدار المسيرة للنشر والتوزيع والطباعة ، _c1983 |
||
| 300 | _a271 | ||
| 490 | _a | ||
| 650 | 0 | 4 | _aالسياسة الدولية |
| 650 | 0 | 4 | _aالعلاقات الخارجية |
| 650 | 0 | 4 | _aالدول العربية |
| 942 |
_2ddc _cBK |
||
| 999 |
_c57876 _d57876 |
||